000 01050njm a22002537a 4500
005 20100909123450.0
006 a|||||r|||||00| 0
007 sd ammalaaahaa
008 100907t xxu||||| |||| 00| 0 eng d
028 _aN 55276
_bHis Master's Voice
035 _aGR-01588
100 _aMangeshkar, Lata
_918693
245 _aAakhri khat /
_cby Lata Mangeshkar; music by Khayyam; lyrics by Kaifi Azmi
_h[Sound recording]
246 _aआखरी ख़त / लता मंगेशकर द्वारा
260 _aDum Dum, India
_bHis Master's Voice
_c1966
300 _a1 sound disc [Gramophone Recording]
_banalog, 33 1/3rpm ;
_c9.5 in. (MP)
_fGramaphone Records
500 _aBrief record
505 _aमेरे चंदा मेरे नन्हे (Mere chanda mere nnhe) (Lata Mangeshkar)
650 _aClassical music
_xExcerpts
_zIndia
_918694
700 _aKhayyam
_919043
700 _aAzmi, Kaifi
_919044
942 _2ddc
_cGR
999 _c44750
_d44750